| 000 | 00474 a2200133 4500 | ||
|---|---|---|---|
| 003 | Nust | ||
| 005 | 20170207164553.0 | ||
| 040 | _cNust | ||
| 082 | _a799 | ||
| 245 |
_aLec by Brig,Dr.Akhtak Malik College of EME,on Human Perception & Meet with Comdt,Photographs-2014 _cMCS |
||
| 260 |
_aRawalpindi _bMCS _c20-03-2014 |
||
| 650 | _aPictures of Lec by Brig,Dr.Akhtak Malik College of EME,on Human Perception & Meet with Comdt,Photographs-2014(CD No. 24 Vol.I) | ||
| 651 | _aSweet Memories-MCS | ||
| 942 | _cBK | ||
| 999 |
_c209383 _d209383 |
||